The emotions : a cultural reader

Αποθηκεύτηκε σε:
Λεπτομέρειες βιβλιογραφικής εγγραφής
Άλλοι συγγραφείς: Wulff, Helena (Επιμελητής έκδοσης)
Μορφή: Βιβλίο
Γλώσσα:English
Δημοσίευση: Oxford : Berg, 2007
Θέματα:
Ετικέτες: Προσθήκη ετικέτας
Δεν υπάρχουν, Καταχωρήστε ετικέτα πρώτοι!

MARC

LEADER 00000nam a2200000 i 4500
001 1/97165
008 081112s2007 eng d
020 |a 978-1-84520-368-9 (pbk.) 
035 |l 10101611 
040 |a GR-MY-UA  |b gre  |e aacr 
041 0 |a eng 
082 0 |a 152.4  |2 (22) 
245 1 4 |a The emotions :  |b a cultural reader /  |c edited by Helena Wulff 
260 |a Oxford :   |b Berg,   |c 2007 
300 |a xi, 416 σ.;  |b εικ.;  |c 24 εκ. 
504 |a Περιέχει βιβλιογραφικές παραπομπές και ευρετήριο 
650 0 0 |a Emotions. 
700 1 |a Wulff, Helena.  |4 edt 
852 |a INST  |b LESVOS  |e 20081112  |h 152.4 EMO  |p 005100043470  |q 005100043470  |t BK  |y 4  |x 20200129 
901 |a BIBL1-2008-3 
909 |a Λ  |b 156239 
920 |a ΕΠΕΑΕΚ ΠΜΣ ΓΥΝΑΙΚΕΣ ΚΑΙ ΦΥΛΑ  |y ΛΕΣΒΟΣ  |z 2008-09 
970 |a ΚΑΡΑ  |b ΓΙΑΣΕΜΗ  |z 2008/11/12